01035cam a22002654a 450000100090000000300040000900500170001300800410003001000170007104000130008804300120010108200150011324501730012826000390030130000340034050400410037461000660041565000490048170000180053071000570054890600450060594200120065099900130066295200940067516369878OSt20230602122531.0100730s2009 xr a b 000 0 eng  a 2010494376 aDLCcDLC ae-xr--- a027.6bSOS04aThe Czech Parliamentary Library :ba tribute on its 150th anniversary : the Central European Parliamentary Libraries from the past to the present ceditor, Karel Sosna. a[Prague?] :bVisegrad Fund,c2009. a206 p. :bcol. ill. ;c24 cm. aIncludes bibliographical references.10aCzech Republic.bParlament.bParlamentní knihovnaxHistory. 0aNational librarieszCzech RepublicxHistory.1 aSosna, Karel.1 aCzech Republic.bParlament.bParlamentní knihovna. a7bcbccorignewd3encipf20gy-gencatlg 2ddccBK c128d128 00102ddc4070a001b001d2023-06-02l0o027.6 SOSp10015125r2023-06-02w2023-06-02yBK